[Event "Athens Kaissa op 1st"]
[Site "Athens"]
[Date "2009.09.13"]
[Round "1.3"]
[White "Pagalis, Georgios"]
[Black "Ilandzis, Spyridon"]
[Result "0-1"]
[WhiteElo "1770"]
[BlackElo "2192"]
[PlyCount "46"]
[EventDate "2009.09.13"]
[EventType "swiss"]
[EventRounds "7"]
[EventCountry "GRE"]
[SourceTitle "EXT 2024"]
[Source "ChessBase"]
[SourceDate "2023.10.10"]
[SourceVersion "1"]
[SourceVersionDate "2023.10.10"]
[SourceQuality "1"]

1. b4 e5 2. Bb2 Bxb4 3. Bxe5 Nf6 4. Nf3 0-0 5. e3 d5 6. Be2 c5 7. 0-0 Nc6 8. Bb2 d4 9. exd4 cxd4 10. Bd3 Bg4 11. Be2 Re8 12. h3 Bh5 13. Re1 Qe7 14. g4 Nxg4 15. hxg4 Bxg4 16. Bf1 Qf6 17. Rxe8+ Rxe8 18. Kg2 Re1 19. Be2 Rxd1 20. Bxd1 Ne5 21. Nxe5 Bxd1 22. Bxd4 Qg5+ 23. Kf1 Qh4 0-1